书目信息 |
| 题名: |
伟大的艺术家
|
|
| 作者: | 罗兰 著 ;胡元周 译 | |
| 分册: | ||
| 出版信息: | 西安 陕西师范大学出版社 2010 |
|
| 页数: | 268页 | |
| 开本: | 22cm | |
| 丛书名: | ||
| 单 册: | ||
| 中图分类: | K815.7 | |
| 科图分类: | ||
| 主题词: | 艺术家--生平事迹--世界 , 艺术家 | |
| 电子资源: | ||
| ISBN: | 978-7-5613-4994-6 | |
| 000 | 01066nam0 2200253 45 | |
| 001 | 1138532516 | |
| 005 | 20110419102614.84 | |
| 010 | @a978-7-5613-4994-6@dCNY27.80 | |
| 100 | @a20100712d2010 em y0chiy0110 ea | |
| 101 | 1 | @achi@cfre |
| 102 | @aCN@b610000 | |
| 105 | @ay z 000yy | |
| 106 | @ar | |
| 200 | 1 | @a伟大的艺术家@AWei Da De Yi Shu Jia@f(法) 罗曼·罗兰(Rolland, R.)著@F( Fa ) Luo Man· Luo Lan (Rolland, R.) Zhu@g胡元周译 |
| 210 | @a西安@c陕西师范大学出版社@d2010 | |
| 215 | @a268页@d22cm | |
| 314 | @a罗曼?罗兰(Romain Rolland,1866-1944) 法国作家、音乐评论家。1899年,罗曼?罗兰毕业于法国巴黎高等师范学校,其后进入罗马法国考古学校当研究生。归国后在巴黎高等师范学校和巴黎大学讲授艺术史,并从事文艺创作。罗曼?罗兰是法国现当代最重要的作家,他的长篇小说《约翰?克利斯朵夫》于1913年获法兰西学院文学奖金。 | |
| 606 | 0 | @a艺术家@x生平事迹@y世界 |
| 606 | 0 | @a艺术家 |
| 690 | @aK815.7@v4 | |
| 701 | 1 | @a罗兰@ALuo Lan@g(Rolland, R.)@4著 |
| 702 | 0 | @a胡元周@AHu Yuan Zhou@4译 |
| 801 | 0 | @aCN@bTANGWEI@c20110419 |
| 905 | @b0536629-33@dK815.7@e122@f5 | |
| 伟大的艺术家/(法) 罗曼·罗兰(Rolland, R.)著/胡元周译.-西安:陕西师范大学出版社,2010 |
| 268页;22cm |
| ISBN 978-7-5613-4994-6:CNY27.80 |
| ● |
| 相关链接 |
|
|
|
|
正题名:伟大的艺术家
索取号:K815.7/122
 
预约/预借
| 序号 | 登录号 | 条形码 | 馆藏地/架位号 | 状态 | 备注 |
| 1 | 0536629 | 205366290 | 第二样本阅览室/ [索取号:K815.7/122] | 在馆 | |
| 2 | 0536630 | 205366307 | 第二借阅区/ [索取号:K815.7/122] | 在馆 | |
| 3 | 0536631 | 205366316 | 第二借阅区/ [索取号:K815.7/122] | 在馆 | |
| 4 | 0536632 | 205366325 | 第二借阅区/ [索取号:K815.7/122] | 在馆 | |
| 5 | 0536633 | 205366334 | 第二借阅区/ [索取号:K815.7/122] | 在馆 |